Membres de la famille proche de Michael Jackson - Statistiques

Statistiques générales
  • Ce quiz a été pris 102 fois
  • Le résultat moyen est 12 sur 19
Statistiques - réponses
Lien avec Michael Jackson Nom % Correct
Soeur Janet Jackson
95%
Soeur La Toya Jackson
93%
Père Joseph Jackson
91%
Frère Jermaine Jackson
88%
Frère Tito Jackson
81%
Fils Michael Joseph Jackson
76%
Première épouse Lisa Marie Presley
71%
Frère Marlon Jackson
71%
Mère Katherine Jackson
69%
Frère Jackie Jackson
64%
Fils Prince Michael Jackson II
59%
Frère Randy Jackson
58%
Deuxième épouse Debbie Rowe
56%
Soeur Rebbie Jackson
53%
Fille Paris Jackson
48%
Frère Brandon Jackson
46%
Neveu Taj Jackson
19%
Neveu Taryll Jackson
9%
Neveu TJ Jackson
6%
Aucun quiz correspondant
Distribution des résultats
% des personnes avec chaque résultat
Percentile par nombre de réponses
Votre historique - résultats
Vous n’avez pas pris ce quiz